[Event "Moscow Aeroflot op"]
[Site "Moscow"]
[Date "2002.02.09"]
[Round "8"]
[White "Korobov, Anton"]
[Black "Obodchuk, Andrei"]
[Result "1-0"]
[WhiteElo "2511"]
[BlackElo "2438"]
[Annotator "Krasenkow,M"]
[PlyCount "77"]
[EventDate "2002.02.04"]
[EventType "swiss"]
[EventRounds "9"]
[EventCountry "RUS"]
[SourceTitle "CBM 088"]
[Source "ChessBase"]
[SourceDate "2002.03.21"]
[SourceVersion "1"]
[SourceVersionDate "2002.03.21"]
[SourceQuality "1"]

1. d4 Nf6 2. c4 g6 3. Nc3 d5 4. cxd5 Nxd5 5. e4 Nxc3 6. bxc3 Bg7 7. Qa4+ Nd7 {
A little success for White as d7 is not the best square for the black knight.
That's why} (7... Qd7 {looks more appropriate.}) 8. Nf3 O-O 9. Be2 (9. Bg5 {
is more common. The f1 bishop should rather take the d3 square (at an
appropriate moment, of course) to protect the e4 pawn. Sometimes it can come
out to b5 or c4.}) 9... c5 10. Be3 {The other moves seen in practice:} (10. Rb1
b6 11. O-O Bb7 12. e5 a6 13. Bg5 b5 14. Qa3 f6 15. Be3 cxd4 16. cxd4 fxe5 17.
Qb3+ Kh8 18. Ng5 exd4 19. Ne6 Qb6 20. Nxf8 Rxf8 $17 {0-1 Norri,J-Jasnikowski,Z/
Espoo 1989/EXT 97 (31)}) (10. O-O Qc7 11. Bg5 a6 12. e5 e6 13. Qa3 Re8 14. Nd2
h6 15. Be3 b6 16. Ne4 Bf8 17. Qb2 Bb7 18. Bd3 b5 19. Qe2 Rac8 20. h4 h5 21. g4
f5 22. exf6 Bxe4 23. f7+ Kxf7 24. Bxe4 Nf6 25. f3 Qg3+ 26. Qg2 Qxg2+ 27. Kxg2
Nd5 28. Bxd5 {1/2-1/2 Milov,V-Avrukh,B/Andorra 2001/CBM 83 ext (28)}) 10... Nf6
{[%csl Re4]} (10... e5 $5) 11. Nd2 $2 {[%csl Rd2]} (11. Bd3 $1 {was correct
although it looks like a loss of a tempo:} cxd4 (11... Ng4 $6 12. Bf4 e5 13.
Bg5 f6 14. Bh4) 12. cxd4 Bd7 13. Qa3 Bc6 $6 (13... b5 $5 14. O-O a5) 14. d5 Ng4
15. Rb1 Nxe3 16. fxe3 Bd7 17. Rxb7 $16 {1/2-1/2 Danner,G-Birnboim,N/Lugano
1989/TD (68). (67)}) 11... Ng4 {Black is very happy to exchange his ill-fated
knight!} 12. Bxg4 Bxg4 13. f3 Bd7 14. Qb3 {The white queen belongs to the a3
square in this system but now} (14. Qa3 $6 {is dubious in view of} cxd4 15.
cxd4 Bb5 {[%csl Re1]}) 14... cxd4 15. cxd4 b5 $15 {In this position Black has
a pair of bishops and excellent development. Besides, the white d2 knight is
placed extremely awkwardly.} 16. O-O Qa5 17. Rac1 Rfc8 {Controlling the c-file
in-time.} 18. Qb2 {[%cal Yd2b3,Yb3c5]} Be6 $1 19. a3 (19. Nb3 Qb4 20. Bd2 Qa4 {
[%csl Rd4]}) 19... Qb6 20. f4 a5 21. e5 {White apparently has no other way to
free his pieces.} Bd5 22. Nb3 Bc4 $6 {The bishop was placed perfectly on d5;
Black should have just traded a pair of rooks and advanced his b-pawn:} (22...
Rxc1 23. Rxc1 b4 24. Nc5 Qb5 {etc.}) 23. Rfd1 Qe6 24. d5 $6 {A nice tactical
blow but... a positional mistake!} ({Stubborn defense like} 24. Nc5 Qd5 (24...
Qg4 25. Rd2) 25. Rd2 {was called for. In that case the position of the black
bishop on c4 is a complete nonsense.}) 24... Bxd5 $4 {Taken aback, Black
immediately gives up material. Meanwhile, after} (24... Qg4 $1 {White can't
hold his centre and the position opens up in favour of Black's bishop pair, e.
g.} 25. Rd2 (25. Nc5 Rd8 $1 $17 {[%csl Rd5]}) (25. d6 Rd8 $1 26. Nd4 exd6 27.
Nxb5 dxe5 $1 $19) (25. Rd4 Bxb3 26. Qxb3 (26. Rxc8+ Rxc8 27. Qxb3 Qe2 $19)
26... Rxc1+ 27. Bxc1 Bxe5 $19) 25... g5 $1 $17 (25... Bxb3 26. Rxc8+ Rxc8 27.
Qxb3 Rc1+ 28. Kf2 Qh4+ 29. Kf3 {is not that clear})) 25. Nc5 Qc6 26. Na4 {
Did Black overlook this move?} Bc4 27. Nb6 $18 {Black has no compensation for
the exchange and White easily brings home his advantage.} f6 28. Nxa8 Qxa8 29.
exf6 Bxf6 30. Bd4 Qa7 $6 (30... Qe4 {was relatively better} 31. Bxf6 $140 exf6
32. Qxf6 Rf8) 31. Kh1 Bxd4 32. Rxd4 a4 33. Rcd1 Qb6 34. Rd7 Qe6 35. h3 Kf7 36.
Qd2 Ke8 37. Ra7 Qe2 38. Qxe2 Bxe2 39. Rdd7 1-0

[Event "Griesheim GM"]
[Site "Griesheim"]
[Date "2002.01.23"]
[Round "1"]
[White "Kempinski, Robert"]
[Black "Ruck, Robert"]
[Result "1/2-1/2"]
[WhiteElo "2576"]
[BlackElo "2581"]
[Annotator "Krasenkow,M"]
[PlyCount "51"]
[EventDate "2002.01.23"]
[EventType "tourn"]
[EventRounds "9"]
[EventCountry "GER"]
[EventCategory "12"]
[SourceTitle "CBM 088"]
[Source "ChessBase"]
[SourceDate "2002.03.21"]
[SourceVersion "1"]
[SourceVersionDate "2002.03.21"]
[SourceQuality "1"]

1. d4 Nf6 2. c4 g6 3. Nf3 Bg7 4. Nc3 d5 5. cxd5 Nxd5 6. e4 Nxc3 7. bxc3 c5 8.
Be3 Qa5 9. Qd2 O-O 10. Rc1 cxd4 11. cxd4 Qxd2+ 12. Nxd2 e6 {This old move was
played in the famous game Karpov-Huebner (1980), brilliantly won by the then
World Champion, after which most of the black players switched to} (12... Nc6)
{Still, the text move is quite playable, which the present game clearly
demonstrates.} 13. Nb3 {This move "a la Nimzowitsch" (an extra defense of the
important d4 pawn) was applied by Karpov in the above-mentioned game. The
other attempts are considered less dangerous for Black:} (13. Bc4 Nc6 14. Nb3 (
14. Nf3 Bd7 15. O-O Na5 ({or} 15... Rfc8 16. d5 exd5 17. Bxd5 Be6 18. Rfd1 Rd8
19. Rb1 Bxd5 20. exd5 Na5 21. Ng5 b6 22. Ne4 h6 23. g4 Nc4 $11 {Iljushin,
A-Turov,M/Sochi 1998/EXT 99}) 16. Be2 Rfc8 17. d5 exd5 18. exd5 b5 19. Rxc8+
Rxc8 20. Bxa7 Rc2 21. Bd3 Rxa2 22. Rb1 Nc4 $132 {0-1 Fernandez De Betono,
C-Garrido Legarreta,J/Euskadi 2000/EXT 2001 (40)}) 14... Bd7 15. O-O (15. Nc5
Bc8 {[%csl Rd4]} 16. e5 Rd8 $13) 15... b6 16. Bb5 Nb8 17. Be2 Ba4 18. Rc7 Nc6
19. d5 exd5 20. exd5 Nb4 $13 {1-0 Karason,A-Moberg,K/Gothenburg 1997/EXT 99 
(41)}) (13. e5 $5 {an interesting move closer examination} Nc6 14. Ne4 Rd8 15.
Rc4 Na5 16. Rc7 Rd7 17. Rxd7 (17. Rc2 Nc6) (17. Rc1 $5) (17. Rc3 $5) 17... Bxd7
18. Bd2 Nc6 19. Nc5 Bc8 20. Be3 b6 21. Ne4 Bf8 22. Bb5 Nb4 23. a4 Nc2+ $2 (
23... Bb7 $11) 24. Ke2 Nxe3 25. Kxe3 Bb7 26. Rc1 $16 {1-0 Psota,R-Havran,S/SVK
2000/EXT 2002 (40)}) (13. Bb5 Bd7 (13... a6 $5 14. Ba4 b5 15. Bb3 a5 16. a4 Bd7
17. axb5 Bxb5 18. Rc5 Bd3 19. Rc3 Ba6 20. Ba4 Rd8 21. Nb3 Nd7 $132 {0-1
Henriquez Garcia,D-David,P/Gran Canaria 1993/EXT 99 (34)}) 14. Bxd7 Nxd7 15.
Ke2 Rfc8 16. Nc4 Bf8 17. Kd3 (17. Bf4 Rc6 18. Na5 Ra6 19. Nxb7 Rxa2+ 20. Kf3 e5
21. dxe5 Re8 22. Ra1 Rb2 23. Rhb1 Nxe5+ 24. Kg3 Rxb1 25. Rxb1 Nd3 26. Be3 Rxe4
27. Bxa7 h5 28. h3 {1/2-1/2 Huebner,R-Adorjan,A/Bad Lauterberg 1980/Candidates
(28)}) 17... b5 (17... b6 18. Bf4 f6 19. g4 e5 20. dxe5 b5 21. Nd6 Rxc1 22.
Rxc1 fxe5 23. Rc7 Rd8 24. Bg5 Nf6 25. Rc6 Kg7 26. Rc7+ Kg8 {1/2-1/2 Cunningham,
P-Sully,D/Wales 1981/EXT 2002 (26)}) 18. Na5 Ba3 19. Rxc8+ Rxc8 20. Rb1 a6 21.
Rb3 Bd6 22. h3 f5 23. f3 Kf7 $11 {1/2-1/2 Akesson,R-Elsness,F/Gausdal 2001/CBM
82 ext (37)}) 13... Rd8 {Or else:} (13... b6 {Black develops his c8 bishop but
his knight, deprived of its "natural" c6 square, gets into trouble.} 14. f3 $5
(14. Rc7 Ba6 15. Kd2 Bxf1 16. Rxf1 Na6 17. Rc4 Rfc8 18. Rfc1 Rxc4 19. Rxc4 b5
20. Rc6 Nb4 21. Rc5 Nxa2 22. Rxb5 Bf8 23. Nc5 a5 24. Kc2 Nb4+ 25. Kb3 Bg7 $13 {
1/2-1/2 Santolini,L-Reggiani,M/Reggio Emilia 1981/MCD (44)}) (14. Bb5 Ba6 (
14... Bb7 15. f3 a6 (15... Ba6 $6 16. a4 Bxb5 17. axb5 a6 18. Ra1 Nd7 19. bxa6
Nb8 20. Kd2 Nxa6 21. Ra4 $14 {1-0 Khenkin,I-Berebora,F/Budapest 1991/EXT 97 
(41)}) 16. Be2 Nc6 17. O-O Rac8 18. a3 Bf6 19. Rfd1 Nb8 20. Kf2 Bh4+ 21. g3 Be7
22. a4 Nd7 23. Rxc8 Rxc8 24. Rc1 Rxc1 25. Bxc1 f5 $11 {0-1 Copeland,G-Martin,A/
Swansea 1987/TD (41)}) 15. a4 Bb7 (15... Bxb5 16. axb5 Nd7 17. Ke2 Nf6 18. f3
Rfd8 19. Rc6 Ne8 20. Bg5 Rd7 21. Rhc1 f6 22. Bf4 Kf7 23. Ra1 e5 24. dxe5 fxe5
25. Be3 Rad8 {1/2-1/2 Khenkin,I-Kolbus,D/Stockholm 2001/CBM 85 ext (70)}) 16.
f3 a6 17. Be2 Bc6 18. a5 Ba4 19. Bd1 bxa5 20. Nxa5 Bb5 21. Bb3 Nd7 22. Kf2 Rfc8
$11 {1/2-1/2 Kantorik,M-Neverov,V/Pardubice 2001/CBM 83 ext (35)}) (14. Bd3 Ba6
(14... Bb7 15. Rc7 Ba6 16. Bc4 Bf6 17. Ke2 Bd8 18. Bxa6 Nxa6 19. Rd7 (19. Rc4
$142) 19... Bc7 20. Rc1 Rac8 21. Bg5 Bb8 $14 {1/2-1/2 Stone,R-Hartman,B/Canada
1986/CBM 04 (32)}) 15. Ke2 Bxd3+ 16. Kxd3 Na6 17. a4 (17. a3 Rfd8 18. Rc4 Bf8
19. a4 Rab8 20. Ke2 f6 21. Ra1 Bd6 $14 {0-1 Stone,R-Ivanchuk,V/New York 1988/
CBM 08 (35)}) 17... Rfc8 18. Rc4 Bf8 19. Rhc1 Nb4+ 20. Ke2 Rxc4 21. Rxc4 Bd6
22. Bd2 a5 $14 23. Bxb4 $6 axb4 24. Rc6 Be7 25. d5 exd5 26. exd5 Bd8 27. Rc4
Be7 28. Rc6 Bd8 29. Rc4 {1/2-1/2 Luczak,A-Jasnikowski,Z/Lubniewice 1981/MCD 
(29)}) (14. Be2 $143 Bb7 15. f3 {1/2-1/2 Kiss,P-Blasko,I/Aggtelek 1999/EXT
2001 (15)}) 14... Ba6 (14... a5 $5 15. Bd3 a4 16. Nd2 Na6 17. Rb1 Rd8 {Piket,J}
) 15. Be2 $1 (15. Kd2 $143 Rd8 (15... Bxf1 16. Rhxf1 Na6 17. Rc4 Rfd8 18. Rfc1
(18. Ke2 Bf8 19. a4 Ba3 20. Ra1 Be7 21. Bd2 Rac8 22. Rac1 Rxc4 23. Rxc4 Kf8 24.
Nc1 Ke8 25. Na2 Kd7 26. Nc3 Nc7 {1/2-1/2 Vojinovic,G-Dragojlovic,A/Kladovo
1994/EXT 2000 (26)}) 18... Nc5 19. Na1 Nb7 20. Kd3 Na5 21. Ra4 Rd7 (21... Rac8
22. Rxc8 Rxc8 23. Bd2 Nc6 $11) 22. Bd2 Nb7 23. Nb3 Rad8 $11 {1-0 Ivanov,
I-Jacobi,S/Las Vegas 1996/EXT 2001 (38)}) 16. Bc4 Bf8 (16... Bb7 $5 {Piket,J})
17. Bg5 Rd7 (17... Rc8 $5 {Piket,J}) 18. a4 Bxc4 (18... Ba3 19. Bb5 $1 Bxc1+
20. Rxc1 Bxb5 21. Rc8+ Kg7 22. axb5 $44 {Piket,J}) 19. Rxc4 Na6 20. Ke2 Kg7 21.
Rhc1 f6 22. Bf4 $14 {1/2-1/2 Piket,J-Sokolov,I/Breda 1998/CBM 65/[Piket] (35)})
15... Rd8 16. a4 Bxe2 (16... Bf8 $5) 17. Kxe2 Na6 18. Rc4 Bf8 19. Nd2 f6 20.
Rhc1 Ba3 21. R1c3 Bb4 22. Rb3 Bd6 23. g3 $14 {1-0 Ikonnikov,V-Ernst,S/Dieren
2000/CBM 77 ext (77)}) (13... a5 {looks very logical, to push the b3 knight
from its comfortable position but still White maintains the better prospects
after} 14. Bb5 Bd7 15. Bxd7 Nxd7 16. Rc7 Nf6 17. f3 b5 18. Ke2 Rfb8 19. Rb1 Bf8
20. Rc6 b4 21. d5 $14 {1/2-1/2 Anikaev,Y-Tseshkovsky,V/Severodonetsk 1982/EXT
99 (24)}) (13... Nc6 {is quite possible:} 14. Bb5 Rd8 (14... Bd7 15. O-O (15.
Nc5 Be8 16. e5 Nb4 17. Bxe8 Raxe8 18. a3 Nd5 19. Bg5 $6 (19. Nxb7 Rb8 20. Nc5
Rb2 $44) 19... h6 20. Bd2 Re7 {0-1 Scheffner,A-Forchert,M/Germany 1989/EXT
97-B (49)}) (15. d5 exd5 16. exd5 Ne5 17. Be2 Bf5 18. O-O Bd3 19. Bxd3 {
1/2-1/2 Illner,A-Forchert,M/Germany 1989/EXT 97-B (19)}) 15... Rfc8 (15... a6
16. Be2 Rfd8 17. Rfd1 Be8 18. d5 exd5 19. Bb6 Rdc8 20. exd5 Ne5 21. Nc5 Bh6 22.
Rb1 Nd7 23. Nxb7 Nxb6 24. Rxb6 $16 {1/2-1/2 Christenson,F-Gabrielsen,S/Bergen
2001/CBM 83 ext (60)}) 16. Rfd1 a6 17. Bc4 Be8 18. d5 Ne5 19. Be2 exd5 20. exd5
Bf8 21. Nc5 Bxc5 22. Bxc5 Ba4 23. Re1 $14 {1-0 Agdestein,E-Akesson,R/Gausdal
1987/EXT 97 (43)}) 15. Bg5 (15. Bxc6 bxc6 16. e5 a5 17. O-O Ba6 18. Rfd1 Bb5
19. Nc5 a4 20. f4 Bf8 21. Kf2 Bxc5 22. Rxc5 Rd5 {1/2-1/2 Lalic,B-Jukic,M/Pula
1992/EXT 2002 (22)}) 15... Rd6 16. e5 Rd5 17. Bxc6 bxc6 18. Rxc6 Bb7 19. Rc7 (
19. Rc3 $5) 19... Rb5 20. O-O Bd5 21. Nc5 h6 22. Be7 Bxa2 23. Ne4 a5 24. Nd6
Rb1 $2 (24... Rd5 $11) 25. Nxf7 $1 $16 {1-0 Ikonnikov,V-Gouret,T/Werfen 1992/
EXT 97 (48)}) (13... Bd7 $5 {needs further examination. In the following game
Black managed to equalize:} 14. Bd3 Ba4 15. O-O b6 (15... Rd8 16. Bg5) 16. Rc7
Nc6 17. Ba6 (17. Rc1 $5 Nb4 (17... Bxb3 18. R7xc6) 18. Bb1 $14) 17... Rad8 (
17... Bxb3 18. Rxc6 Ba4 19. Rc7 $16) 18. Bg5 f6 19. Be3 Rf7 20. Rxf7 Kxf7 21.
Rc1 Bf8 $11 {1-0 Orsag,M-Votava,J/Prague 1993/CBM 37 (48)}) 14. Bg5 {A typical
manoeuvre, which provokes the weakening move ...f7-f6.} f6 15. Be3 Bf8 {
This defensive move was applied for the first time by GM Vlastimil Hort. The
bishop prepares to capture the white knight on c5 if necessary. The other ways
of defense for Black are less successful:} (15... Nc6 16. Bb5 Ne7 17. Ke2 a6
18. Bd3 Nc6 19. g4 Rd6 20. f3 Bd7 21. Rhd1 Be8 22. Bc4 Bf7 23. Nc5 Na5 24. Bd3
$14 {1-0 Mohandesi,S-Gillen,A/Debrecen 1992/EU-chT (57)}) (15... f5 {was
played in the stem game. Just look how brilliantly Karpov exploited the
weaknesses in Black's camp:} 16. exf5 gxf5 17. Bb5 Nd7 18. O-O Nf6 19. Bg5 Bd7
20. Bc4 b6 21. Nd2 Re8 22. Nf3 Bc6 23. Ne5 Bd5 24. Bb5 Rec8 25. a4 Ne4 26. Bf4
Bf8 27. f3 Nf6 28. Bg5 Kg7 29. Ba6 Rxc1 30. Rxc1 Bd6 31. Nc4 Bb4 32. Ne3 Re8
33. Bb5 Rf8 34. Bf4 Kg6 35. Kf2 Bb7 36. Rc7 Rf7 37. Rc2 Rf8 38. Bc4 Re8 39. Bb3
Re7 40. h4 h6 41. g3 Ba3 42. Nc4 Bd5 43. Ba2 Bxc4 44. Bxc4 h5 45. Bb3 Kf7 46.
Rc6 Bb2 47. Ke3 Nd5+ 48. Bxd5 exd5+ 49. Be5 Re6 50. Rc7+ Re7 51. Rc2 Ba3 52.
Kf4 a6 53. Kxf5 b5 54. Rc6 b4 55. Rb6 Ke8 56. g4 Kd7 57. gxh5 Rf7+ 58. Kg4 {
1-0 Karpov,A-Huebner,R/Tilburg 1980/Inf 30 (58)}) 16. Bc4 Nc6 17. Ke2 Kg7 (
17... Bd7 18. Rhd1 Kg7 19. f3 Rac8 20. d5 exd5 21. Bxd5 Be8 22. Nc5 Bxc5 23.
Bxc5 Bf7 24. Be3 g5 25. Bxc6 (25. a3 $5) 25... Rxd1 26. Rxd1 Rxc6 {1/2-1/2
Johansen,D-Hort,V/Martigny 1986}) {GM Robert Kempinski tries a different plan
but his Hungarian namesake holds his ground.} 18. f4 Bd7 19. h3 Nb4 20. Nc5
Bxc5 21. dxc5 Bc6 22. Bd2 (22. a3 $5 Na6 23. Bxa6 bxa6 24. Rhd1 $1 Bxe4 $140
25. Rxd8 Rxd8 26. c6 Bxg2 27. c7 Rc8 28. h4 {was the last attempt to create
something. Still, Black shouldn't lose this endgame.}) 22... Na6 23. Bxa6 bxa6
24. Ke3 Bb5 {This is the difference: now Black seizes the d-file!} 25. Rc3 Rd7
{[%cal Ya8d8]} 26. c6 (26. c6 Rc7 27. Rhc1 Rac8 $11) 1/2-1/2

[Event "Moscow Aeroflot op"]
[Site "Moscow"]
[Date "2002.02.06"]
[Round "3"]
[White "Eljanov, Pavel"]
[Black "Macieja, Bartlomiej"]
[Result "1/2-1/2"]
[WhiteElo "2540"]
[BlackElo "2612"]
[Annotator "Krasenkow,M"]
[PlyCount "65"]
[EventDate "2002.02.04"]
[EventType "swiss"]
[EventRounds "9"]
[EventCountry "RUS"]
[SourceTitle "CBM 088"]
[Source "ChessBase"]
[SourceDate "2002.03.21"]
[SourceVersion "1"]
[SourceVersionDate "2002.03.21"]
[SourceQuality "1"]

1. d4 Nf6 2. Nf3 g6 3. c4 Bg7 4. Nc3 d5 5. cxd5 Nxd5 6. e4 Nxc3 7. bxc3 c5 8.
Be3 Qa5 9. Bd2 {This rare move doesn't yield White any advantage if Black
plays carefully. However, IM Carlos Matamoros, probably the main adherent of 9.
Bd2, has an excellent record in this system.} O-O {It is not necessary for
Black to discover his plan now:} (9... Nc6 $6 10. d5 Ne5 11. Nxe5 Bxe5 12. Qb3
O-O 13. f4 Bg7 14. e5 e6 15. Bc4 exd5 16. Bxd5 Qb6 17. Rb1 (17. c4 Be6 18. Bc3
$16) 17... Be6 18. c4 Qxb3 19. Rxb3 Bxd5 20. cxd5 Rad8 21. d6 (21. Rxb7 Rxd5
22. Rxa7 Rfd8 23. Ba5 $1 $16) 21... f6 $132 {0-1 Yuneev,A-Gubanov,A/St
Petersburg 1992/CBM 28 ext (59)}) (9... Qc7 10. Be2 O-O 11. Rc1 Rd8 12. O-O Bg4
13. h3 Bxf3 14. Bxf3 e5 15. d5 c4 16. Bg5 f6 17. Be3 Nd7 18. Rb1 $14 {1-0 Swic,
W-Witkowski,S/St Johan ID Haide 1981/EXT 2001 (46)}) (9... Bg4 $5 10. Be2 Nc6 (
10... O-O {-9...0-0}) 11. O-O Rd8 (11... Bxf3 $142 12. gxf3 cxd4 13. cxd4 Qb6
14. Rb1 Qxd4 15. Rxb7 O-O $11 {Beliavsky,A}) 12. d5 Bxf3 13. gxf3 Nb8 14. Rb1
b6 15. a4 O-O 16. Rb5 Qa6 17. Rxc5 Qb7 18. Rb5 Qc7 19. c4 Nd7 20. a5 $14 {
1-0 Beliavsky,A-Romanishin,O/Lvov 1981/MCD (45)}) 10. Be2 {It is funny that
this system was seen in practice more than 50 years ago but White's play was
by no means model:} (10. Bd3 $6 Nc6 11. h3 $2 (11. d5 Ne5 12. Nxe5 Bxe5 13. Qb3
Qc7 $132) 11... cxd4 12. cxd4 Qa3 13. Bc4 Nxd4 $17 {0-1 Kreisberg,L-Rossetto,H/
Vina del Mar 1947/EXT 2000 (32)}) 10... Bg4 {A very natural reply but Black
has some other options:} (10... cxd4 $6 {obviously premature} 11. cxd4 Qd8 12.
Be3 (12. Rc1 Bg4 13. Be3 Qa5+ 14. Qd2 Nc6 15. d5 Qxd2+ 16. Nxd2 Bxe2 17. Kxe2
Nd4+ 18. Bxd4 Bxd4 19. Rc7 $14 {1/2-1/2 Matamoros Franco,C-Fernandez Garcia,J/
Elgoibar 1996/CBM 57 ext (50)}) 12... Qa5+ 13. Nd2 Nc6 14. O-O Rd8 15. d5 $1
Bxa1 16. Qxa1 Nb4 17. Qb2 Na6 18. Bc4 Nc7 19. Qe5 $16 Ne8 $2 (19... Ne6 $8) 20.
Bd4 {1-0 Grigorian,K-Gorelov,S/Moscow 1980/EXT 2002 (20)}) (10... Nd7 11. O-O
e5 (11... Nf6 12. Qc2 Qc7 13. d5 e5 14. c4 Ne8 15. Bc3 f5 $2 (15... f6 {
[%cal Ye8d6]}) 16. Bd3 Nd6 17. Nxe5 Nxe4 18. Bxe4 Bxe5 19. d6 Qxd6 20. Bd5+ Kg7
21. Rfe1 Bd4 22. Rad1 Qf6 23. Rxd4 $1 cxd4 24. Bb2 g5 25. Qd2 $40 {1-0 Stocek,
J-Ftacnik,L/CZE 2001/EXT 2002 (39)}) 12. Qb3 (12. c4 $5 Qc7 13. d5 {Plachetka,J
}) 12... exd4 13. cxd4 Qb6 14. Qa3 cxd4 15. Rab1 Qd8 16. Bb5 a6 17. Rfd1 Ne5
18. Nxe5 Bxe5 19. Bc4 b5 (19... Qc7 $5) 20. Bd5 Rb8 21. f4 Bg7 22. Ba5 Qh4 23.
g3 Qh3 24. Bc7 Bg4 25. Bxb8 Bxd1 26. Bd6 Rc8 27. Rxd1 Rc2 28. Qf3 Qxh2+ 29. Kf1
Qh3+ 30. Kg1 Qh2+ 31. Kf1 Qh3+ {1/2-1/2 Plachetka,J-Schmidt,W/La Valetta 1980/
EXT 2000 (31)}) (10... Nc6 11. O-O Qc7 (11... Bg4 12. d5 Bxf3 13. gxf3 Nb8 14.
Rb1 Qc7 15. Qb3 b6 16. f4 Nd7 17. e5 g5 18. fxg5 Qxe5 19. Rbe1 Qd6 20. f4 e6
21. Bf3 Rac8 22. c4 $16 {1-0 Matamoros Franco,C-Herrera,I/Cienfuegos 1997/CBM
58 ext (39)}) (11... Rd8 $5 12. Rb1 cxd4 {1/2-1/2 Panczyk,K-Jasnikowski,Z/POL
1992/CBM 29 ext (12)}) 12. d5 Na5 13. Qc1 e5 14. c4 b6 15. Re1 Re8 16. h4 Nb7
17. h5 Nd6 18. hxg6 hxg6 19. Bd3 Bg4 20. Nh2 Bd7 $13 21. Bh6 f5 $2 (21... f6)
22. Bxg7 Kxg7 23. exf5 Bxf5 24. Bxf5 gxf5 $2 25. Qg5+ Kf7 26. Qh5+ Kf6 27. Qh6+
Ke7 28. Rxe5+ {1-0 Matamoros Franco,C-Lohou,S/Hamburg 1999/EXT 2001 (28)}) 11.
O-O e6 {A logical move: Black prepares ...Nc6 to attack the d4 pawn.} (11...
Nd7 {doesn't look very attractive but Black reached a draw in the following
game:} 12. h3 Bxf3 13. Bxf3 Rab8 14. a4 e6 15. Be2 Rfd8 16. Rb1 Qc7 17. Bg5 Bf6
18. Be3 Nb6 19. Rc1 Qc6 20. a5 Nd7 21. Qd3 b5 22. axb6 axb6 23. Qb1 b5 24. e5
Be7 25. Bf3 (25. f4 $142 $14) 25... Qa6 26. Qe4 b4 27. Ra1 Qc4 28. cxb4 cxd4
29. Ra7 Qxb4 30. Qxd4 Qxd4 31. Bxd4 Bc5 {1/2-1/2 Gligoric,S-Smejkal,J/Baden
1980}) (11... Rd8 {is possible, too:} 12. d5 (12. Rb1 $5 Qxa2 13. d5 $44 {
Ftacnik,L}) 12... Bxf3 13. Bxf3 Bxc3 14. Bxc3 Qxc3 15. Rc1 Qa5 16. e5 Nc6 17.
Re1 Nd4 18. Be4 Rac8 19. h4 Qxa2 20. h5 $44 {1-0 Ikonnikov,V-Voekler,B/
Katowice 1991/EXT 97 (39)}) 12. a4 (12. Rb1 Qxa2 13. Ra1 Qb2 14. Rb1 Qa2 15.
Ra1 Qb2 16. Rb1 {1/2-1/2 Matamoros Franco,C-Sion Castro,M/Elgoibar 1996/CBM 57
ext (16)}) 12... cxd4 {This is now appropriate as a2-a4 is not useful for
White in the positions arising. Of course,} (12... Nc6 {is quite possible, too:
} 13. Rb1 Qc7 14. d5 exd5 15. exd5 Na5 {A bit risky as this knight can find
itself out of play.} (15... Bxf3 16. Bxf3 Ne5 17. Bf4 Rad8 {can give White a
small advantage but}) (15... Ne7 {yields Black quite a good position.}) 16. Qc1
Rfe8 17. Be3 b6 (17... Bxf3 $5 18. Bxf3 Nc4) 18. Re1 Rad8 19. Bb5 Re4 $13 {
1-0 Beliavsky,A-Adorjan,A/Vienna 1980/MCL (45)}) 13. cxd4 Qd8 14. Bg5 Qd6 15.
Rb1 Bxf3 16. Bxf3 Qxd4 {In spite of White's bishop pair, Black boldly goes to
the endgame and defends it quite confidently.} (16... Nc6 $5 {deserved
attention, too, e.g.} 17. d5 (17. e5 Qxd4 18. Qxd4 Nxd4 19. Bxb7 Ne2+ 20. Kh1
Nc3 21. Rb3 Rab8 22. Be7 Bxe5 $1 23. Bxf8 Kxf8 $13 {[%cal Rc3e4,Ye5d4]}) 17...
Nd4 18. Rxb7 Rfb8 19. Rxb8+ Rxb8 20. Be3 Rb4 $44) 17. Qxd4 Bxd4 18. Rxb7 Nc6
19. Rd1 Rac8 20. Rd7 Bb6 (20... f6 $6 21. Bh6 Rfd8 22. Rg7+ Kh8 23. Rb7 $14)
21. Bf6 Na5 {[%cal Yc8c2,Yc8c4] The black pieces are very active, unlike the
white f3 bishop. That's why White can't make any real progress.} 22. g3 {
This simply loses a tempo but after} (22. h4 Rc4 23. h5 Rxa4 {Black is quite
OK, too, e.g.} 24. h6 Ra2 25. R1d2 Rxd2 26. Rxd2 Rc8 {etc.}) 22... Rc4 23. h4
Rxa4 24. h5 Ra2 25. R7d2 Rxd2 26. Rxd2 Rc8 {Black has no problems anymore.
White's compensation for the pawn is only enough for a draw.} 27. hxg6 hxg6 28.
Bd1 $6 {White starts playing inaccurately.} (28. Kg2 $142 Rc4 29. e5) 28... Rc4
29. Kg2 $6 {A dubious pawn sacrifice.} (29. Be2 $142 Nb3 (29... Rxe4 $4 30. Rc2
) 30. Rd7 $132) 29... Rxe4 30. Be2 Nc4 $6 {Alas, Black misses his chance.} (
30... Nb3 {was equally harmless:} 31. Rc2 Bc5 (31... Nc5 $6 32. Bf3 Re1 (32...
Ra4 33. Rc1 {[%cal Rc1h1]}) 33. Bd4 $16) 32. Bc4 Bd4 (32... Nd4 $2 33. Rc1 {
[%cal Rc1h1]}) 33. Bd3 Bxf6 34. Bxe4 $11) (30... Nc6 $142 $1 {miraculously
restoring the co-ordination of the black pieces:} 31. Rc2 (31. Bf3 Rc4 32. Be2
Rb4 33. Bf3 Bd4 $1) (31. Bd3 Rb4 32. Rc2 Bd4 $1) 31... Bd8 $1 (31... Bd4 $2 32.
Kf3 $1 $11) 32. Bf3 Rb4 33. Bxd8 (33. Bb2 Ne7) 33... Nxd8 34. Rd2 Nb7 35. Rd7
Nc5 36. Rxa7 {and Black maintains good winning chances in this endgame.}) 31.
Rc2 Nd6 32. Bd3 {Now the rook has no good way to retreat.} Rd4 ({or} 32... Ra4
33. Rc6 Bd4 34. Bc2 $1 $11 Rb4 $2 35. Be7) ({or} 32... Rb4 33. Rc6 Ne8 (33...
Bd4 34. Be7 Rb3 35. Bc2) 34. Rc8 Kf8 35. Bc3 Rb3 36. Bc2 {and Black must play}
Rxc3) 33. Bxd4 1/2-1/2